UK Residential Market Survey (Record no. 122106)

MARC details
000 -LEADER
fixed length control field 01776nam a22002057a 4500
008 - FIXED-LENGTH DATA ELEMENTS--GENERAL INFORMATION
fixed length control field 250221e20250210xxk|||||o|||| 00| 0 eng d
041 ## - LANGUAGE CODE
Language code of text/sound track or separate title eng
110 ## - MAIN ENTRY--CORPORATE NAME
Corporate author Royal Institution of Chartered Surveyors
245 ## - TITLE STATEMENT
Title UK Residential Market Survey
Subtitle January 2025
Medium [Electronic resource]
260 ## - PUBLICATION INFORMATION
Place of publication London,
Publisher Royal Institution of Chartered Surveyors,
Date February 2025
300 ## - PHYSICAL DESCRIPTION
Physical description 17p
490 ## - SERIES TITLE
Series statement RICS UK Residential Market Survey
520 ## - ABSTRACT
Abstract The January 2025 RICS UK Residential Survey <br/>results signal a broadly fl at monthly picture for <br/>sales market activity, with measures of demand <br/>and sales both easing slightly to now sit in neutral <br/>territory. Nevertheless, despite the slight stalling <br/>in momentum of late, respondents continue to <br/>envisage a modest expansion in sales volumes as <br/>the year progresses.<br/>During January, the new buyer enquiries indicator <br/>returned a net balance of zero at the headline <br/>level, which is now indicative of a broadly fl at trend <br/>over the month. What’s more, this series has <br/>continued to moderate gradually in each of the <br/>past fi ve reports having hit a recent high of +16% <br/>back in August (suggesting demand growth has <br/>lost impetus). <br/>With regards to the survey’s tracker of agreed <br/>sales, the latest net balance reading of +3% is <br/>also consistent with a more or less static picture, <br/>having eased from a marginally stronger figure of <br/>+7% in the December 2024 results.
650 ## - KEYWORDS
Keywords HOUSING MARKET
650 ## - KEYWORDS
Keywords RESIDENTIAL PROPERTY
651 ## - SUBJECT ADDED ENTRY--GEOGRAPHIC NAME
Geographic name United Kingdom
710 ## - ADDED CORPORATE NAME
Added corporate author Royal Institution of Chartered Surveyors
856 ## - ONLINE RESOURCE
Uniform Resource Identifier <a href="https://www.rics.org/content/dam/ricsglobal/documents/market-surveys/WEB_January_2025_RICS_UK_Residential_Market_Survey_tp.pdf">https://www.rics.org/content/dam/ricsglobal/documents/market-surveys/WEB_January_2025_RICS_UK_Residential_Market_Survey_tp.pdf</a>
Public note Available free on RICS.org
942 ## - ADDED ENTRY ELEMENTS (KOHA)
Suppress in OPAC Do not suppress in OPAC
Holdings
Lost status Damaged status Not for loan Current library Shelving location Date acquired Total Checkouts Full call number Date last seen Price effective from Koha item type
      Virtual Online 21/02/2025   PROPERTY MARKET DATA 21/02/2025 21/02/2025 Online material